[Event "DVM U14w 2014"]
[Site "Regensburg GER"]
[Date "2014.12.27"]
[Round "2"]
[White "Ehmann, Johanna"]
[Black "Simon, Tessa"]
[Result "1/2-1/2"]
[Termination "normal"]
[Board "1.2"]
[WhiteElo "1563"]
[BlackElo "1831"]
[WhiteClock "01:01:11"]
[BlackClock "00:02:19"]
[WhiteTeam "SF Sasbach"]
[BlackTeam "SV Muldental Wilkau-Haßlau"]
[PlyCount "108"]
[WhiteFideId "12953130"]
[BlackFideId "12929395"]
[EventCountry "GER"]
[EventRounds "7"]
[EventType "team-swiss"]
[EventDate "2014.12.26"]

1. e4 {[%clk 1:30:58]} e5 {[%clk 1:30:47]} 2. Nf3 {[%clk 1:31:22]} Nc6 {[%clk
1:31:12]} 3. d4 {[%clk 1:31:45]} exd4 {[%clk 1:31:32]} 4. Bc4 {[%clk 1:32:07]}
Bc5 {[%clk 1:31:30]} 5. c3 {[%clk 1:32:05]} d6 {[%clk 1:31:10]} 6. cxd4 {[%clk
1:32:11]} Bb6 {[%clk 1:31:12]} 7. d5 {[%clk 1:31:50]} Ne5 {[%clk 1:28:45]} 8.
Nxe5 {[%clk 1:31:01]} dxe5 {[%clk 1:29:01]} 9. O-O {[%clk 1:28:58]} Nf6 {[%clk
1:27:56]} 10. Nc3 {[%clk 1:28:18]} O-O {[%clk 1:26:37]} 11. Bg5 {[%clk
1:28:02]} Qd6 {[%clk 1:19:52]} 12. Nb5 {[%clk 1:24:51]} Qb4 {[%clk 1:10:45]}
13. Qc2 {[%clk 1:18:12]} a6 {[%clk 1:01:59]} 14. a3 {[%clk 1:15:22]} Qe7 {[%clk
0:58:41]} 15. Nc3 {[%clk 1:13:49]} Bg4 {[%clk 0:50:43]} 16. Be2 {[%clk
1:12:07]} Qd6 {[%clk 0:46:52]} 17. Bxg4 {[%clk 1:08:59]} Nxg4 {[%clk 0:46:57]}
18. Qe2 {[%clk 1:08:04]} Nf6 {[%clk 0:44:30]} 19. Qf3 {[%clk 1:06:12]} Nd7
{[%clk 0:43:40]} 20. b4 {[%clk 1:02:59]} Bd4 {[%clk 0:43:40]} 21. Rac1 {[%clk
1:02:59]} Qg6 {[%clk 0:29:24]} 22. Be3 {[%clk 0:59:33]} Bxe3 {[%clk 0:21:46]}
23. Qxe3 {[%clk 0:59:33]} Nf6 {[%clk 0:21:46]} 24. Rfd1 {[%clk 0:53:56]} Nh5
{[%clk 0:10:06]} 25. Ne2 {[%clk 0:52:46]} Rac8 {[%clk 0:07:02]} 26. f4 {[%clk
0:51:11]} exf4 {[%clk 0:05:05]} 27. Nxf4 {[%clk 0:51:09]} Qh6 {[%clk 0:04:15]}
28. Rf1 {[%clk 0:50:06]} Rfe8 {[%clk 0:02:07]} 29. Qf3 {[%clk 0:47:58]} Qb6+
{[%clk 0:00:41]} 30. Kh1 {[%clk 0:47:38]} Nf6 {[%clk 0:01:00]} 31. Rfe1 {[%clk
0:46:48]} a5 {[%clk 0:00:47]} 32. e5 {[%clk 0:45:03]} Nd7 {[%clk 0:00:44]} 33.
e6 {[%clk 0:44:36]} fxe6 {[%clk 0:01:03]} 34. Rxe6 {[%clk 0:43:36]} Rxe6 {[%clk
0:00:46]} 35. dxe6 {[%clk 0:43:16]} Nf6 {[%clk 0:00:43]} 36. Nd5 {[%clk
0:41:06]} Qxe6 {[%clk 0:00:45]} 37. Nxf6+ {[%clk 0:40:42]} Qxf6 {[%clk
0:00:40]} 38. Qxb7 {[%clk 0:40:13]} Rf8 {[%clk 0:00:45]} 39. h3 {[%clk
0:39:56]} axb4 {[%clk 0:00:47]} 40. axb4 {[%clk 0:39:21]} Qd6 {[%clk 0:00:37]}
41. Qe4 {[%clk 0:37:22]} h6 {[%clk 0:19:45]} 42. Re1 {[%clk 1:05:07]} Rf4
{[%clk 0:08:17]} 43. Qe8+ {[%clk 1:03:21]} Rf8 {[%clk 0:04:57]} 44. Qe6+ {[%clk
1:03:07]} Qxe6 {[%clk 0:05:19]} 45. Rxe6 {[%clk 1:03:30]} Rf4 {[%clk 0:04:59]}
46. Rc6 {[%clk 1:02:56]} Rxb4 {[%clk 0:05:08]} 47. Rxc7 {[%clk 1:03:16]} Rf4
{[%clk 0:04:38]} 48. Kh2 {[%clk 1:02:25]} Kh7 {[%clk 0:03:44]} 49. Kg3 {[%clk
1:02:00]} Rb4 {[%clk 0:02:37]} 50. Rf7 {[%clk 1:01:29]} Kg6 {[%clk 0:01:55]}
51. Rf4 {[%clk 1:01:08]} Rxf4 {[%clk 0:02:01]} 52. Kxf4 {[%clk 1:01:31]} Kf6
{[%clk 0:02:06]} 53. g4 {[%clk 1:01:01]} g5+ {[%clk 0:02:19]} 54. Ke4 {[%clk
1:01:11]} Ke5+ 1/2-1/2

[Event "DVM U14w 2014"]
[Site "Regensburg GER"]
[Date "2014.12.27"]
[Round "2"]
[White "Fromm, Katja"]
[Black "Lohrmann, Tabea"]
[Result "1-0"]
[Termination "normal"]
[Board "1.3"]
[WhiteElo "1597"]
[BlackElo "1465"]
[WhiteClock "00:39:25"]
[BlackClock "00:09:57"]
[WhiteTeam "SV Muldental Wilkau-Haßlau"]
[BlackTeam "SF Sasbach"]
[PlyCount "95"]
[WhiteFideId "12929409"]
[BlackFideId "12911941"]
[EventCountry "GER"]
[EventRounds "7"]
[EventType "team-swiss"]
[EventDate "2014.12.26"]

1. d4 {[%clk 1:30:58]} d5 {[%clk 1:30:50]} 2. c4 {[%clk 1:31:22]} e6 {[%clk
1:31:13]} 3. e3 {[%clk 1:31:25]} c5 {[%clk 1:29:01]} 4. cxd5 {[%clk 1:31:31]}
exd5 {[%clk 1:26:18]} 5. Nc3 {[%clk 1:31:23]} Nf6 {[%clk 1:26:14]} 6. Nf3
{[%clk 1:30:21]} Nc6 {[%clk 1:23:58]} 7. Be2 {[%clk 1:29:22]} Bf5 {[%clk
1:20:44]} 8. O-O {[%clk 1:27:48]} Be7 {[%clk 1:18:38]} 9. Re1 {[%clk 1:26:07]}
O-O {[%clk 1:18:40]} 10. a3 {[%clk 1:19:02]} Qd7 {[%clk 1:15:38]} 11. dxc5
{[%clk 1:15:26]} Bxc5 {[%clk 1:14:20]} 12. b4 {[%clk 1:13:54]} Bd6 {[%clk
1:12:18]} 13. Bb2 {[%clk 1:13:30]} Rfd8 {[%clk 1:08:36]} 14. Nb5 {[%clk
1:11:32]} Be7 {[%clk 1:04:41]} 15. Nbd4 {[%clk 1:11:32]} Rac8 {[%clk 1:00:33]}
16. Nxf5 {[%clk 1:09:24]} Qxf5 {[%clk 1:00:19]} 17. Nd4 {[%clk 1:07:14]} Qg6
{[%clk 0:57:05]} 18. Bd3 {[%clk 1:00:49]} Qg5 {[%clk 0:53:41]} 19. Rc1 {[%clk
0:53:17]} a6 {[%clk 0:41:37]} 20. Nxc6 {[%clk 0:52:47]} Rxc6 {[%clk 0:40:19]}
21. Rxc6 {[%clk 0:52:49]} bxc6 {[%clk 0:40:43]} 22. Bxa6 {[%clk 0:53:02]} Qh4
{[%clk 0:35:53]} 23. Qd4 {[%clk 0:50:33]} Qg5 {[%clk 0:31:03]} 24. Rc1 {[%clk
0:42:32]} Ne4 {[%clk 0:26:42]} 25. Qe5 {[%clk 0:42:13]} Qg6 {[%clk 0:20:36]}
26. Qxe7 {[%clk 0:42:18]} Rf8 {[%clk 0:19:43]} 27. Qe5 {[%clk 0:40:21]} h6
{[%clk 0:16:59]} 28. Rxc6 {[%clk 0:40:01]} Nf6 {[%clk 0:16:04]} 29. f3 {[%clk
0:35:17]} Re8 {[%clk 0:12:20]} 30. Qxe8+ {[%clk 0:34:37]} Nxe8 {[%clk 0:12:33]}
31. Rxg6 {[%clk 0:35:04]} fxg6 {[%clk 0:12:52]} 32. b5 {[%clk 0:35:27]} Nc7
{[%clk 0:12:27]} 33. Be5 {[%clk 0:35:47]} Na8 {[%clk 0:11:42]} 34. a4 {[%clk
0:35:51]} Kf7 {[%clk 0:10:05]} 35. a5 {[%clk 0:36:08]} Ke6 {[%clk 0:09:53]} 36.
Bb7 {[%clk 0:36:12]} Kxe5 {[%clk 0:10:15]} 37. Bxa8 {[%clk 0:36:36]} Kd6 {[%clk
0:10:15]} 38. a6 {[%clk 0:36:50]} Kc5 {[%clk 0:07:12]} 39. Bxd5 {[%clk
0:37:05]} Kb6 {[%clk 0:07:34]} 40. e4 {[%clk 0:37:28]} Ka7 {[%clk 0:07:45]} 41.
e5 {[%clk 0:37:52]} Kb6 {[%clk 0:08:04]} 42. e6 {[%clk 0:38:17]} g5 {[%clk
0:08:21]} 43. e7 {[%clk 0:38:42]} Ka7 {[%clk 0:08:39]} 44. e8=Q {[%clk
0:38:59]} Kb6 {[%clk 0:09:04]} 45. Qc6+ {[%clk 0:39:06]} Ka5 {[%clk 0:09:23]}
46. b6 {[%clk 0:39:05]} Kxa6 {[%clk 0:09:32]} 47. Bc4+ {[%clk 0:39:25]} Ka5
{[%clk 0:09:57]} 48. Qb5# 1-0

[Event "DVM U14w 2014"]
[Site "Regensburg GER"]
[Date "2014.12.27"]
[Round "2"]
[White "Schneider, Katharina"]
[Black "Von Jan, Lena"]
[Result "0-1"]
[Termination "normal"]
[Board "1.4"]
[WhiteElo "1153"]
[BlackElo "1337"]
[WhiteClock "01:15:22"]
[BlackClock "00:09:20"]
[WhiteTeam "SF Sasbach"]
[BlackTeam "SV Muldental Wilkau-Haßlau"]
[PlyCount "63"]
[WhiteFideId "16200519"]
[BlackFideId "12946060"]
[EventCountry "GER"]
[EventRounds "7"]
[EventType "team-swiss"]
[EventDate "2014.12.26"]

1. e4 {[%clk 1:30:59]} e5 {[%clk 1:30:56]} 2. Nf3 {[%clk 1:31:21]} Nc6 {[%clk
1:31:18]} 3. d4 {[%clk 1:31:42]} exd4 {[%clk 1:31:32]} 4. Bc4 {[%clk 1:32:04]}
Nf6 {[%clk 1:22:43]} 5. e5 {[%clk 1:31:39]} Ng4 {[%clk 1:22:27]} 6. Bxf7+
{[%clk 1:28:57]} Kxf7 {[%clk 1:09:41]} 7. Ng5+ {[%clk 1:29:15]} Ke8 {[%clk
1:08:05]} 8. Qxg4 {[%clk 1:29:24]} d6 {[%clk 1:01:42]} 9. Qe4 {[%clk 1:26:31]}
dxe5 {[%clk 0:43:21]} 10. O-O {[%clk 1:23:58]} g6 {[%clk 0:37:30]} 11. Bf4
{[%clk 1:22:39]} Bf5 {[%clk 0:35:18]} 12. Qe2 {[%clk 1:22:12]} Bd6 {[%clk
0:28:11]} 13. Nf3 {[%clk 1:21:04]} Qe7 {[%clk 0:25:05]} 14. Bg5 {[%clk
1:20:14]} Qe6 {[%clk 0:23:41]} 15. c3 {[%clk 1:19:45]} dxc3 {[%clk 0:19:20]}
16. Nxc3 {[%clk 1:20:01]} h6 {[%clk 0:16:35]} 17. Bd2 {[%clk 1:19:55]} Kd7
{[%clk 0:15:31]} 18. Nb5 {[%clk 1:20:22]} Rad8 {[%clk 0:14:18]} 19. Rfd1 {[%clk
1:20:10]} Kc8 {[%clk 0:14:03]} 20. Be3 {[%clk 1:19:36]} a6 {[%clk 0:13:31]} 21.
Nxd6+ {[%clk 1:19:25]} Rxd6 {[%clk 0:12:52]} 22. Rxd6 {[%clk 1:19:36]} Qxd6
{[%clk 0:13:09]} 23. Rd1 {[%clk 1:19:54]} Qe6 {[%clk 0:12:53]} 24. a4 {[%clk
1:19:13]} g5 {[%clk 0:10:00]} 25. h3 {[%clk 1:17:52]} g4 {[%clk 0:08:54]} 26.
hxg4 {[%clk 1:17:47]} Bxg4 {[%clk 0:09:10]} 27. Kf1 {[%clk 1:15:53]} e4 {[%clk
0:09:02]} 28. Qd2 {[%clk 1:15:23]} exf3 {[%clk 0:08:31]} 29. gxf3 {[%clk
1:15:36]} Bxf3 {[%clk 0:08:49]} 30. Rc1 {[%clk 1:15:14]} Qh3+ {[%clk 0:09:05]}
31. Ke1 {[%clk 1:15:22]} Qh1# {[%clk 0:09:20]} 32. Qd1 0-1

[Event "DVM U14w 2014"]
[Site "Regensburg GER"]
[Date "2014.12.27"]
[Round "2"]
[White "Nguyen, Ha Thanh"]
[Black "Schneider, Jana"]
[Result "0-1"]
[Termination "normal"]
[Board "2.1"]
[WhiteElo "1657"]
[BlackElo "1759"]
[WhiteClock "01:05:16"]
[BlackClock "01:18:28"]
[WhiteTeam "SV Empor Erfurt"]
[BlackTeam "SK Neumarkt"]
[PlyCount "32"]
[WhiteFideId "12942154"]
[BlackFideId "12924997"]
[EventCountry "GER"]
[EventRounds "7"]
[EventType "team-swiss"]
[EventDate "2014.12.26"]

1. e4 {[%clk 1:30:58]} e5 {[%clk 1:30:51]} 2. Nf3 {[%clk 1:31:23]} Nc6 {[%clk
1:31:12]} 3. Bc4 {[%clk 1:31:48]} Bc5 {[%clk 1:31:33]} 4. c3 {[%clk 1:32:11]}
Nf6 {[%clk 1:31:52]} 5. d4 {[%clk 1:32:33]} exd4 {[%clk 1:32:13]} 6. cxd4
{[%clk 1:32:57]} Bb4+ {[%clk 1:32:33]} 7. Nc3 {[%clk 1:33:20]} Nxe4 {[%clk
1:27:43]} 8. O-O {[%clk 1:33:22]} Bxc3 {[%clk 1:27:44]} 9. d5 {[%clk 1:33:40]}
Ne5 {[%clk 1:26:37]} 10. Bb3 {[%clk 1:24:45]} O-O {[%clk 1:23:52]} 11. Nxe5
{[%clk 1:17:34]} Bxe5 {[%clk 1:23:50]} 12. Re1 {[%clk 1:17:09]} Bxh2+ {[%clk
1:21:08]} 13. Kxh2 {[%clk 1:07:13]} Qh4+ {[%clk 1:21:23]} 14. Kg1 {[%clk
1:07:30]} Qxf2+ {[%clk 1:21:35]} 15. Kh1 {[%clk 1:07:54]} Re8 {[%clk 1:18:12]}
16. Rf1 {[%clk 1:05:16]} Ng3+ {[%clk 1:18:28]} 0-1

[Event "DVM U14w 2014"]
[Site "Regensburg GER"]
[Date "2014.12.27"]
[Round "2"]
[White "Schilay, Eva"]
[Black "Schulz, Theresa Charlotte"]
[Result "0-1"]
[Termination "normal"]
[Board "2.2"]
[WhiteElo "1464"]
[BlackElo "1659"]
[WhiteClock "00:24:17"]
[BlackClock "00:38:32"]
[WhiteTeam "SK Neumarkt"]
[BlackTeam "SV Empor Erfurt"]
[PlyCount "94"]
[WhiteFideId "12930164"]
[BlackFideId "12952206"]
[EventCountry "GER"]
[EventRounds "7"]
[EventType "team-swiss"]
[EventDate "2014.12.26"]

1. Nc3 d5 2. e4 e6 3. exd5 exd5 4. d4 f5 5. Bd3 c6 6. Bf4 Nf6 7. Nf3 Be7 8. O-O
O-O 9. Re1 Ne4 10. Ne2 Bd7 11. c3 Be8 12. Ng3 Nxg3 13. hxg3 Bh5 14. Re3 Bd6 15.
Bxd6 Qxd6 16. Re5 Bg4 17. Qc2 Nd7 18. Re3 g6 {[%clk 0:41:39]} 19. Rae1 {[%clk
0:36:03]} Nf6 {[%clk 0:37:12]} 20. Re6 {[%clk 0:25:29]} Qd8 {[%clk 0:33:52]}
21. b3 {[%clk 0:20:46]} f4 {[%clk 0:28:15]} 22. Nh2 {[%clk 0:15:11]} Bxe6
{[%clk 0:26:28]} 23. Rxe6 {[%clk 0:15:23]} fxg3 {[%clk 0:26:29]} 24. Nf3 {[%clk
0:14:30]} gxf2+ {[%clk 0:25:33]} 25. Kxf2 {[%clk 0:14:54]} Qd7 {[%clk 0:21:02]}
26. Re2 {[%clk 0:13:57]} Rae8 {[%clk 0:19:05]} 27. Kf1 {[%clk 0:10:22]} Rxe2
{[%clk 0:18:55]} 28. Qxe2 {[%clk 0:10:45]} Nh5 {[%clk 0:16:20]} 29. Qd2 {[%clk
0:08:28]} Ng3+ {[%clk 0:16:02]} 30. Kg1 {[%clk 0:07:38]} Qe7 {[%clk 0:13:10]}
31. Kh2 {[%clk 0:07:10]} Ne4 {[%clk 0:11:03]} 32. Qe1 {[%clk 0:06:33]} Qc7+
{[%clk 0:10:35]} 33. Kg1 {[%clk 0:06:22]} Qg3 {[%clk 0:10:26]} 34. Qxg3 {[%clk
0:05:53]} Nxg3 {[%clk 0:10:51]} 35. c4 {[%clk 0:05:01]} Re8 {[%clk 0:08:51]}
36. cxd5 {[%clk 0:04:16]} cxd5 {[%clk 0:09:15]} 37. Ne5 {[%clk 0:04:42]} Kg7
{[%clk 0:08:34]} 38. Kf2 {[%clk 0:04:29]} Nf5 {[%clk 0:07:17]} 39. Ke2 {[%clk
0:03:51]} Nxd4+ {[%clk 0:07:26]} 40. Ke3 {[%clk 0:02:54]} Rxe5+ {[%clk
0:07:27]} 41. Kxd4 {[%clk 0:03:17]} Rg5 {[%clk 0:07:50]} 42. a3 {[%clk
0:01:52]} h5 {[%clk 0:07:52]} 43. a4 {[%clk 0:27:55]} h4 {[%clk 0:38:12]} 44.
Bf1 {[%clk 0:26:55]} Rf5 {[%clk 0:37:24]} 45. Be2 {[%clk 0:26:16]} Rf2 {[%clk
0:37:48]} 46. Bd3 {[%clk 0:23:59]} Rxg2 {[%clk 0:38:07]} 47. Kxd5 {[%clk
0:24:17]} Rd2 {[%clk 0:38:32]} 1/2-1/2

[Event "DVM U14w 2014"]
[Site "Regensburg GER"]
[Date "2014.12.27"]
[Round "2"]
[White "Geletzke, Hannah"]
[Black "Schilay, Maria"]
[Result "1-0"]
[Termination "normal"]
[Board "2.3"]
[WhiteElo "1387"]
[BlackElo "1234"]
[WhiteClock "00:09:35"]
[BlackClock "00:10:17"]
[WhiteTeam "SV Empor Erfurt"]
[BlackTeam "SK Neumarkt"]
[PlyCount "53"]
[WhiteFideId "12983330"]
[BlackFideId "12942979"]
[EventCountry "GER"]
[EventRounds "7"]
[EventType "team-swiss"]
[EventDate "2014.12.26"]

1. e4 {[%clk 1:30:58]} e5 {[%clk 1:30:54]} 2. Nf3 {[%clk 1:31:04]} Nc6 {[%clk
1:31:14]} 3. d4 {[%clk 1:30:05]} exd4 {[%clk 1:31:21]} 4. Nxd4 {[%clk 1:30:20]}
Bc5 {[%clk 1:31:39]} 5. Be3 {[%clk 1:29:31]} Bb6 {[%clk 1:31:12]} 6. Bc4 {[%clk
1:26:51]} d6 {[%clk 1:29:46]} 7. O-O {[%clk 1:24:39]} Nf6 {[%clk 1:29:56]} 8.
Nc3 {[%clk 1:23:07]} Ne5 {[%clk 1:27:49]} 9. Bb3 {[%clk 1:18:56]} O-O {[%clk
1:26:15]} 10. Qe2 {[%clk 1:13:59]} c5 {[%clk 1:24:11]} 11. Nf3 {[%clk 1:07:47]}
Bg4 {[%clk 1:23:20]} 12. Kh1 {[%clk 1:03:33]} Nxf3 {[%clk 1:14:30]} 13. gxf3
{[%clk 1:02:33]} Bh3 {[%clk 1:14:13]} 14. Rg1 {[%clk 1:00:24]} Nh5 {[%clk
1:02:36]} 15. Rg5 {[%clk 0:56:01]} Nf6 {[%clk 0:56:36]} 16. Rg3 {[%clk
0:50:06]} Qd7 {[%clk 0:55:05]} 17. Bh6 {[%clk 0:48:02]} Nh5 {[%clk 0:52:27]}
18. Rg5 {[%clk 0:44:09]} Kh8 {[%clk 0:50:40]} 19. Rxh5 {[%clk 0:40:40]} gxh6
{[%clk 0:47:58]} 20. Nd5 {[%clk 0:39:16]} Bd8 {[%clk 0:40:31]} 21. Qd3 {[%clk
0:34:43]} Bg5 {[%clk 0:35:26]} 22. Rg1 {[%clk 0:29:03]} Rg8 {[%clk 0:30:29]}
23. Qc3+ {[%clk 0:28:03]} Rg7 {[%clk 0:29:57]} 24. Rg3 {[%clk 0:18:08]} Bf1
{[%clk 0:21:42]} 25. f4 {[%clk 0:15:55]} Be2 {[%clk 0:15:27]} 26. f3 {[%clk
0:11:14]} Rag8 {[%clk 0:10:17]} 27. fxg5 {[%clk 0:09:35]} 1-0

[Event "DVM U14w 2014"]
[Site "Regensburg GER"]
[Date "2014.12.27"]
[Round "2"]
[White "Held, Fabienne"]
[Black "Allin, Katharina"]
[Result "0-1"]
[Termination "normal"]
[Board "2.4"]
[WhiteElo "1058"]
[BlackElo "1363"]
[WhiteClock "01:03:21"]
[BlackClock "00:38:05"]
[WhiteTeam "SK Neumarkt"]
[BlackTeam "SV Empor Erfurt"]
[PlyCount "107"]
[WhiteFideId "12964670"]
[BlackFideId "12903779"]
[EventCountry "GER"]
[EventRounds "7"]
[EventType "team-swiss"]
[EventDate "2014.12.26"]

1. e4 {[%clk 1:30:57]} e5 {[%clk 1:30:57]} 2. Nf3 {[%clk 1:31:18]} Nc6 {[%clk
1:31:22]} 3. Bc4 {[%clk 1:31:28]} Bc5 {[%clk 1:31:40]} 4. d3 {[%clk 1:31:33]}
Nf6 {[%clk 1:31:31]} 5. Nc3 {[%clk 1:31:27]} d6 {[%clk 1:30:04]} 6. Bg5 {[%clk
1:31:22]} h6 {[%clk 1:30:07]} 7. Be3 {[%clk 1:31:12]} Bb6 {[%clk 1:29:34]} 8.
Qe2 {[%clk 1:30:49]} Be6 {[%clk 1:27:35]} 9. Bb3 {[%clk 1:30:57]} Qd7 {[%clk
1:22:25]} 10. Ba4 {[%clk 1:29:01]} Ba5 {[%clk 1:18:44]} 11. d4 {[%clk 1:26:38]}
Nxe4 {[%clk 1:15:26]} 12. O-O {[%clk 1:24:33]} Bxc3 {[%clk 1:09:59]} 13. bxc3
{[%clk 1:24:13]} Nxc3 {[%clk 1:10:24]} 14. Qd3 {[%clk 1:23:08]} Nxa4 {[%clk
1:10:16]} 15. d5 {[%clk 1:23:25]} Bxd5 {[%clk 1:06:39]} 16. Qxd5 {[%clk
1:23:25]} Nb6 {[%clk 1:06:44]} 17. Qe4 {[%clk 1:22:21]} Qe6 {[%clk 1:04:41]}
18. Nh4 {[%clk 1:20:08]} Qc4 {[%clk 1:01:16]} 19. Qxc4 {[%clk 1:19:30]} Nxc4
{[%clk 1:01:39]} 20. Rab1 {[%clk 1:19:25]} Nxe3 {[%clk 1:00:29]} 21. fxe3
{[%clk 1:19:43]} b6 {[%clk 0:59:55]} 22. Nf5 {[%clk 1:19:55]} g6 {[%clk
0:58:44]} 23. Ng3 {[%clk 1:19:50]} Ne7 {[%clk 0:57:23]} 24. Ne4 {[%clk
1:19:26]} f5 {[%clk 0:56:25]} 25. Nc3 {[%clk 1:18:24]} c6 {[%clk 0:54:03]} 26.
Rbd1 {[%clk 1:17:32]} O-O-O {[%clk 0:52:43]} 27. e4 {[%clk 1:17:07]} Kc7 {[%clk
0:50:07]} 28. exf5 {[%clk 1:16:01]} Nxf5 {[%clk 0:48:21]} 29. g4 {[%clk
1:14:25]} Ne3 {[%clk 0:46:20]} 30. Rf7+ {[%clk 1:14:42]} Rd7 {[%clk 0:45:47]}
31. Rxd7+ {[%clk 1:14:56]} Kxd7 {[%clk 0:46:07]} 32. Rd2 {[%clk 1:14:46]} Rf8
{[%clk 0:43:39]} 33. Rf2 {[%clk 1:12:37]} Rxf2 {[%clk 0:43:54]} 34. Kxf2 {[%clk
1:13:01]} Nxc2 {[%clk 0:44:08]} 35. Ne4 {[%clk 1:11:45]} Ke6 {[%clk 0:43:19]}
36. g5 {[%clk 1:11:43]} h5 {[%clk 0:43:39]} 37. h4 {[%clk 1:11:42]} d5 {[%clk
0:43:37]} 38. Nc3 {[%clk 1:11:13]} Nd4 {[%clk 0:43:54]} 39. a4 {[%clk 1:09:44]}
Nf5 40. Kg2 {[%clk 1:08:17]} e4 {[%clk 0:43:37]} 41. Ne2 {[%clk 1:07:39]} d4
{[%clk 0:42:18]} 42. Nf4+ {[%clk 1:05:52]} Kf7 {[%clk 0:41:34]} 43. Kf2 {[%clk
1:05:39]} Nxh4 {[%clk 0:40:18]} 44. Ke2 {[%clk 1:05:18]} Nf3 {[%clk 0:39:18]}
45. Kd1 {[%clk 1:03:51]} Nxg5 {[%clk 0:39:28]} 46. Ne2 {[%clk 1:03:31]} Nf3
{[%clk 0:38:42]} 47. Ng3 {[%clk 1:02:51]} e3 {[%clk 0:37:47]} 48. Ke2 {[%clk
1:02:58]} h4 {[%clk 0:37:07]} 49. Kxf3 {[%clk 1:03:04]} hxg3 {[%clk 0:37:29]}
50. Kxg3 {[%clk 1:02:55]} d3 {[%clk 0:37:39]} 51. Kf3 {[%clk 1:03:00]} d2
{[%clk 0:37:29]} 52. Ke2 {[%clk 1:03:19]} g5 {[%clk 0:37:48]} 53. Kxe3 {[%clk
1:03:21]} d1=Q {[%clk 0:38:05]} 54. Kd4 0-1

[Event "DVM U14w 2014"]
[Site "Regensburg GER"]
[Date "2014.12.27"]
[Round "2"]
[White "Kublanov, Elizabeth"]
[Black "Poetsch, Leonore"]
[Result "1-0"]
[Termination "normal"]
[Board "3.1"]
[WhiteElo "1363"]
[BlackElo "1603"]
[WhiteTeam "SG Solingen"]
[BlackTeam "SK Langen"]
[PlyCount "77"]
[WhiteFideId "12944564"]
[BlackFideId "12940372"]
[EventCountry "GER"]
[EventRounds "7"]
[EventType "team-swiss"]
[EventDate "2014.12.26"]

1. d4 {[%emt 0:00:00]} d5 2. c4 c6 3. Nc3 Nf6 4. Nf3 Bf5 5. Bf4 e6 6. a3 Nbd7
7. e3 dxc4 8. Bxc4 Nb6 9. Bb3 Be7 10. O-O O-O 11. Re1 Ne4 12. Nxe4 Bxe4 13. Nd2
Bg6 14. Nc4 Nxc4 15. Bxc4 c5 16. b4 cxb4 17. axb4 Bxb4 18. Re2 a5 19. e4 Bc3
20. Be5 Bxa1 21. Qxa1 Qd7 22. d5 f6 23. dxe6 Qe7 24. Bb2 Rfc8 25. Ba3 Qe8 26.
Bd5 Rd8 27. e7+ Rxd5 28. exd5 b5 29. Bc5 Qc8 30. d6 b4 31. Qa2+ Bf7 32. e8=Q+
Qxe8 33. Rxe8+ Rxe8 34. Qa1 b3 35. h3 Rb8 36. Bd4 h6 37. Qxa5 b2 38. Bxb2 Rxb2
39. Qa7 1-0

[Event "DVM U14w 2014"]
[Site "Regensburg GER"]
[Date "2014.12.27"]
[Round "2"]
[White "Reinecke, Katharina"]
[Black "Berelowitsch, Dana"]
[Result "1-0"]
[Termination "normal"]
[Board "3.2"]
[WhiteElo "1671"]
[BlackElo "1324"]
[WhiteTeam "SK Langen"]
[BlackTeam "SG Solingen"]
[PlyCount "63"]
[WhiteFideId "12929727"]
[BlackFideId "12977144"]
[EventCountry "GER"]
[EventRounds "7"]
[EventType "team-swiss"]
[EventDate "2014.12.26"]

1. d4 {[%emt 0:00:00]} d5 2. c4 e6 3. Nf3 c5 4. Nc3 Nf6 5. g3 cxd4 6. Nxd4 e5
7. Nc2 d4 8. Nb1 Nc6 9. Bg2 Be6 10. b3 Be7 11. Nd2 O-O 12. O-O Qd7 13. Bb2 Bh3
14. Nf3 Rad8 15. Rb1 Qf5 16. Ba1 Nh5 17. b4 f6 18. Qd2 Qg4 19. b5 Nf4 20. Bxh3
Nxh3+ 21. Kh1 Nb8 22. Nb4 Bxb4 23. Rxb4 d3 24. Bc3 dxe2 25. Qxe2 Rd3 26. Qxd3
e4 27. Qd5+ Kh8 28. Nh4 g5 29. f3 exf3 30. Nxf3 h5 31. c5 h4 32. Rxg4 1-0

[Event "DVM U14w 2014"]
[Site "Regensburg GER"]
[Date "2014.12.27"]
[Round "2"]
[White "Kublanov, Carolin"]
[Black "Flach, Helene"]
[Result "0-1"]
[Termination "normal"]
[Board "3.3"]
[WhiteElo "1328"]
[BlackElo "1667"]
[WhiteTeam "SG Solingen"]
[BlackTeam "SK Langen"]
[PlyCount "54"]
[WhiteFideId "12944548"]
[BlackFideId "12929735"]
[EventCountry "GER"]
[EventRounds "7"]
[EventType "team-swiss"]
[EventDate "2014.12.26"]

1. e4 {[%emt 0:00:00]} c5 {[%emt 0:00:00]} 2. Nf3 e6 3. Nc3 a6 4. Be2 b5 5. O-O
Bb7 6. d3 Nf6 7. Bg5 Be7 8. Re1 d5 9. e5 Nfd7 10. Bxe7 Qxe7 11. d4 Nc6 12. Nb1
cxd4 13. Nxd4 Ncxe5 14. Bg4 O-O 15. f4 Nxg4 16. Qxg4 Qb4 17. c3 Qxb2 18. Nb3
Qc2 19. Nd4 Qg6 20. Qh3 Nc5 21. f5 Qf6 22. fxe6 fxe6 23. Nf3 Ne4 24. Rf1 Qf5
25. Qh4 Rf6 26. Nbd2 Nxc3 27. Qg3 Ne2+ 0-1

[Event "DVM U14w 2014"]
[Site "Regensburg GER"]
[Date "2014.12.27"]
[Round "2"]
[White "Buchholz, Maja"]
[Black "Möller, Laura"]
[Result "0-1"]
[Termination "normal"]
[Board "3.4"]
[WhiteElo "729"]
[BlackElo "1387"]
[WhiteTeam "SK Langen"]
[BlackTeam "SG Solingen"]
[PlyCount "36"]
[WhiteFideId "16200500"]
[BlackFideId "12911720"]
[EventCountry "GER"]
[EventRounds "7"]
[EventType "team-swiss"]
[EventDate "2014.12.26"]

1. e4 {[%emt 0:00:00]} c5 2. Nf3 Nc6 3. Nc3 g6 4. d4 cxd4 5. Nxd4 Bg7 6. Be3
Nf6 7. Nxc6 bxc6 8. Qe2 d5 9. O-O-O O-O 10. h3 e5 11. Rd2 Be6 12. Qd1 Qa5 13.
Be2 d4 14. Nb1 dxe3 15. fxe3 Qxa2 16. Nc3 Qa1+ 17. Nb1 Nxe4 18. Rd3 Ba2 0-1

[Event "DVM U14w 2014"]
[Site "Regensburg GER"]
[Date "2014.12.27"]
[Round "2"]
[White "Halas, Julia"]
[Black "Peil, Celine"]
[Result "1/2-1/2"]
[Termination "normal"]
[Board "4.1"]
[WhiteElo "1624"]
[BlackElo "1870"]
[WhiteTeam "SG Leipzig"]
[BlackTeam "USG Chemnitz"]
[PlyCount "90"]
[WhiteFideId "12931810"]
[BlackFideId "12942219"]
[EventCountry "GER"]
[EventRounds "7"]
[EventType "team-swiss"]
[EventDate "2014.12.26"]

1. d4 {[%emt 0:00:00]} d5 2. Nf3 Nf6 3. c4 dxc4 4. e3 e6 5. Bxc4 Be7 6. Nc3 O-O
7. O-O Nd5 8. e4 Nb6 9. Bb3 N8d7 10. e5 c5 11. d5 exd5 12. Nxd5 Nxd5 13. Qxd5
Nb6 14. Qe4 Qc7 15. Be3 Bd7 16. Bg5 Bc6 17. Qh4 Bxg5 18. Qxg5 Be4 19. Rac1 Nd7
20. Rfe1 Qc6 21. Nh4 Rae8 22. Nf5 Bxf5 23. Qxf5 g6 24. Qg5 Kg7 25. f4 f6 26.
exf6+ Qxf6 27. Qxf6+ Kxf6 28. Rxe8 Rxe8 29. Ba4 Re7 30. Rd1 Nb6 31. Bb5 a6 32.
Rd6+ Re6 33. Rxe6+ Kxe6 34. Bd3 Nd5 35. g3 b5 36. a3 Nb6 37. Kf2 c4 38. Bc2 a5
39. Ke3 Kd5 40. g4 Nd7 41. h4 Nf8 42. h5 b4 43. f5 gxh5 44. gxh5 h6 45. axb4
axb4 1/2-1/2